[Event "9. Copenhagen Open Politiken Cup"]
[Site "Copenhagen"]
[Date "1987.??.??"]
[Round "5"]
[White "Fries Nielsen, Jens Ove"]
[Black "Conquest, Stuart"]
[Result "1/2-1/2"]
[WhiteElo "2350"]
[BlackElo "2445"]
[PlyCount "163"]
[EventDate "1987.??.??"]
[EventType "swiss"]
[EventRounds "10"]
[EventCountry "DEN"]
[SourceDate "2004.01.01"]

1. d4 Nf6 2. Nf3 g6 3. c4 Bg7 4. Nc3 d5 5. cxd5 Nxd5 6. Qb3 Nb6 7. e4 O-O 8. a4
a5 9. d5 Na6 10. Bxa6 Rxa6 11. Be3 c6 12. Rd1 cxd5 13. exd5 Bg4 14. O-O Bxf3
15. gxf3 Qc7 16. Nb5 Qd7 17. Rfe1 Nc8 18. Bf4 Rf6 19. Bg3 Rd8 20. Qe3 Qh3 21.
Qe4 h5 22. b3 Rf5 23. Kh1 Bf6 24. Rg1 h4 25. Bc7 Rd7 26. Bf4 Kh7 27. Rd3 Rh5
28. Rgd1 Qf5 29. Bc1 Nd6 30. Nxd6 Rxd6 31. Qxf5 Rxf5 32. h3 Kg7 33. Kg2 Be5 34.
Be3 Rh5 35. f4 Bf6 36. Bc5 Ra6 37. Kf3 e6 38. Be3 exd5 39. Rxd5 Rxd5 40. Rxd5
Bc3 41. Rb5 Rd6 42. Rxb7 Rd1 43. Rc7 Bb4 44. Ke4 Kf6 45. Rc1 Rd6 46. Bc5 Re6+
47. Kd3 Be1 48. Rc4 Kf5 49. Be3 Bb4 50. Rd4 Ra6 51. Rd5+ Ke6 52. Re5+ Kd6 53.
Rb5 Kc7 54. f5 Rd6+ 55. Ke4 Rc6 56. Bf4+ Kd7 57. Rd5+ Kc8 58. Rd3 Rc2 59. Be3
Kc7 60. fxg6 fxg6 61. Kf3 Kc6 62. Kg4 Be7 63. Bg5 Bxg5 64. Kxg5 Rxf2 65. Kxh4
Rf5 66. Rc3+ Kd5 67. Rc7 Rf4+ 68. Kg5 Rf3 69. h4 Rxb3 70. Kxg6 Rg3+ 71. Kf5
Rf3+ 72. Kg4 Ra3 73. h5 Rxa4+ 74. Kg5 Ra1 75. h6 Ke6 76. Kg6 Rg1+ 77. Kh7 Kf6
78. Ra7 Rb1 79. Ra6+ Kf7 80. Rxa5 Rg1 81. Rf5+ Ke7 82. Rf2 1/2-1/2

[Event "9. Copenhagen Open Politiken Cup"]
[Site "Copenhagen"]
[Date "1987.??.??"]
[Round "5"]
[White "Hamann, Svend"]
[Black "Douven, Rudy C"]
[Result "1/2-1/2"]
[WhiteElo "2385"]
[BlackElo "2425"]
[PlyCount "85"]
[EventDate "1987.??.??"]
[EventType "swiss"]
[EventRounds "10"]
[EventCountry "DEN"]
[SourceDate "2004.01.01"]

1. c4 g6 2. Nf3 Bg7 3. g3 d6 4. Bg2 e5 5. Nc3 Nc6 6. O-O Nge7 7. Rb1 Bf5 8. d3
Qd7 9. Nd5 Nxd5 10. cxd5 Ne7 11. e4 Bg4 12. Qb3 c5 13. Ng5 Qc8 14. f4 O-O 15.
fxe5 Bxe5 16. Nf3 Bxf3 17. Rxf3 Kg7 18. Bf4 Qd7 19. Rbf1 f6 20. Bh3 Qxh3 21.
Bxe5 dxe5 22. Qxb7 Rae8 23. d6 Qe6 24. Qc7 Qxa2 25. dxe7 Rf7 26. Qd6 Qxb2 27.
Rxf6 Rexe7 28. Qxc5 Qb8 29. d4 exd4 30. Qxd4 Kg8 31. Qd5 Qb7 32. Qc4 Rc7 33.
Qe6 Rce7 34. Qa2 Kg7 35. Qa1 Kg8 36. Qa2 Kg7 37. e5 Qc7 38. Qb2 Qc5+ 39. R1f2
Kg8 40. e6 Rxf6 41. Qxf6 Qc1+ 42. Rf1 Qc5+ 43. Rf2 1/2-1/2

[Event "9. Copenhagen Open Politiken Cup"]
[Site "Copenhagen"]
[Date "1987.??.??"]
[Round "5"]
[White "Hvenekilde, Jorgen"]
[Black "Lanc, Alois"]
[Result "1/2-1/2"]
[WhiteElo "2295"]
[BlackElo "2495"]
[PlyCount "47"]
[EventDate "1987.??.??"]
[EventType "swiss"]
[EventRounds "10"]
[EventCountry "DEN"]
[SourceDate "2004.01.01"]

1. d4 Nf6 2. c4 e6 3. Nc3 Bb4 4. e3 b6 5. Nge2 Ba6 6. a3 Bxc3+ 7. Nxc3 d5 8.
Qf3 O-O 9. b4 c5 10. Bb2 cxd4 11. exd4 Qc8 12. c5 Bxf1 13. Kxf1 a5 14. Na4 Qa6+
15. Qe2 axb4 16. Nxb6 bxa3 17. Bxa3 Ra7 18. Qxa6 Rxa6 19. Ke2 Ra7 20. Bb2 Rb7
21. Rhb1 Nc6 22. f3 Rfb8 23. Bc3 Kf8 24. Ra6 1/2-1/2

[Event "9. Copenhagen Open Politiken Cup"]
[Site "Copenhagen"]
[Date "1987.??.??"]
[Round "5"]
[White "Jacobsen, Bo"]
[Black "Hutters, Tomas"]
[Result "1-0"]
[WhiteElo "2285"]
[BlackElo "2335"]
[PlyCount "79"]
[EventDate "1987.??.??"]
[EventType "swiss"]
[EventRounds "10"]
[EventCountry "DEN"]
[SourceDate "2004.01.01"]

1. c4 e5 2. g3 Nc6 3. Nc3 g6 4. Bg2 Bg7 5. Rb1 Nge7 6. e3 d6 7. b4 Bf5 8. d3
Qd7 9. b5 Nd8 10. h3 O-O 11. Nge2 Be6 12. Nd5 Nc8 13. Nb4 c6 14. bxc6 bxc6 15.
Na6 f5 16. a4 Ne7 17. Qc2 g5 18. h4 f4 19. exf4 gxf4 20. gxf4 Ng6 21. h5 Nxf4
22. Nxf4 exf4 23. h6 Bf6 24. Bxf4 Nf7 25. c5 Rae8 26. Kf1 Ne5 27. cxd6 Qxd6 28.
Nc5 Bf5 29. Be4 Be7 30. Bxf5 Rxf5 31. Rg1+ Kh8 32. Ne4 Qxd3+ 33. Qxd3 Nxd3 34.
Be3 c5 35. Rd1 Nf4 36. Rg7 Bf8 37. Nd6 Bxd6 38. Rxd6 Nh5 39. Rc7 Nf6 40. Rf7
1-0

[Event "9. Copenhagen Open Politiken Cup"]
[Site "Copenhagen"]
[Date "1987.??.??"]
[Round "5"]
[White "Jansa, Vlastimil"]
[Black "Rodgaard, John"]
[Result "1/2-1/2"]
[WhiteElo "2465"]
[BlackElo "2370"]
[PlyCount "124"]
[EventDate "1987.??.??"]
[EventType "swiss"]
[EventRounds "10"]
[EventCountry "DEN"]
[SourceDate "2004.01.01"]

1. e4 e6 2. d3 d5 3. Nd2 c5 4. Ngf3 Nc6 5. g3 Bd6 6. Bg2 Nge7 7. O-O O-O 8. Re1
Bc7 9. c3 b6 10. e5 f6 11. exf6 gxf6 12. Nf1 e5 13. Bh6 Re8 14. Nh4 Be6 15. f4
Qd7 16. f5 Bxf5 17. Nxf5 Qxf5 18. Ne3 Qe6 19. Rf1 Rad8 20. Qg4+ Qxg4 21. Nxg4
f5 22. Nf6+ Kf7 23. Nxe8 Rxe8 24. Rae1 Kg6 25. Bc1 Rd8 26. Re2 d4 27. g4 f4 28.
Bxf4 dxc3 29. bxc3 exf4 30. Bxc6 Nxc6 31. Re6+ Kg5 32. Rxc6 Be5 33. h3 Rxd3 34.
Re6 Bxc3 35. Kg2 Bd4 36. Re7 Rd2+ 37. Kf3 Rd3+ 38. Kg2 Rd2+ 39. Kh1 Kh4 40. Rf3
Rd1+ 41. Kg2 Rd2+ 42. Kf1 Rxa2 43. Rxh7+ Kg5 44. Rh5+ Kg6 45. Rxf4 b5 46. h4 b4
47. Rg5+ Kh6 48. Rd5 b3 49. Rf7 Ra6 50. Rb7 b2 51. Ke2 Kg6 52. Kd3 Kf6 53. h5
Ra1 54. Rxd4 cxd4 55. Rxb2 Kg5 56. Rh2 Ra6 57. Ke4 Rd6 58. Ke5 Rd8 59. h6 d3
60. h7 Rh8 61. Ke4 Kxg4 62. Kxd3 Kg5 1/2-1/2

[Event "9. Copenhagen Open Politiken Cup"]
[Site "Copenhagen"]
[Date "1987.??.??"]
[Round "5"]
[White "Knudsen, Jes West"]
[Black "Kristensen, Kaare Hove"]
[Result "0-1"]
[WhiteElo "2215"]
[BlackElo "2330"]
[PlyCount "116"]
[EventDate "1987.??.??"]
[EventType "swiss"]
[EventRounds "10"]
[EventCountry "DEN"]
[SourceDate "2004.01.01"]

1. Nf3 Nf6 2. g3 b6 3. Bg2 Bb7 4. O-O e6 5. d3 d5 6. Nbd2 Be7 7. e4 c5 8. e5
Nfd7 9. Re1 Nc6 10. Nf1 Qc7 11. Bf4 O-O-O 12. Qe2 Rdg8 13. h4 h6 14. h5 g5 15.
hxg6 fxg6 16. g4 g5 17. Bh2 h5 18. Ne3 d4 19. Nc4 hxg4 20. Nfd2 Rxh2 21. Kxh2
b5 22. Na3 Ndxe5 23. Kg1 a6 24. c3 Rh8 25. Kf1 dxc3 26. bxc3 c4 27. d4 Nd3 28.
Qxe6+ Kb8 29. d5 Nf4 30. Qxg4 Nxg2 31. Qxg2 Rh2 32. Qg3 Qxg3 33. fxg3 Bxa3 34.
dxc6 Bxc6 35. Rad1 Bb2 36. Re3 b4 37. cxb4 c3 38. Nb3 c2 39. Rde1 c1=Q 40. Nxc1
Bxc1 41. Rc3 Bb5+ 42. Kg1 Bd2 43. Kxh2 Bxc3 44. Rc1 Bd4 45. Kh3 Bd7+ 46. Kg2 g4
47. Rc4 Be5 48. a4 Kb7 49. a5 Be6 50. Rc1 Bc7 51. Kf2 Bd7 52. Rc4 Kc8 53. Rc5
Kd8 54. Rg5 Bd6 55. b5 axb5 56. a6 Bb8 57. Ke2 Ba7 58. Kd3 Kc7 0-1

[Event "9. Copenhagen Open Politiken Cup"]
[Site "Copenhagen"]
[Date "1987.??.??"]
[Round "5"]
[White "Lukacs, Peter"]
[Black "Horvath, Tamas"]
[Result "1/2-1/2"]
[WhiteElo "2500"]
[BlackElo "2395"]
[PlyCount "101"]
[EventDate "1987.??.??"]
[EventType "swiss"]
[EventRounds "10"]
[EventCountry "DEN"]
[SourceDate "2004.01.01"]

1. d4 Nf6 2. c4 e6 3. Nf3 c5 4. d5 exd5 5. cxd5 d6 6. Nc3 g6 7. Nd2 Nbd7 8. e4
Bg7 9. Be2 O-O 10. O-O Ne8 11. Kh1 Nc7 12. a4 Rb8 13. Rb1 a6 14. Nc4 Ne5 15.
Nb6 Qh4 16. Nxc8 Rfxc8 17. Be3 h5 18. f4 Ng4 19. Bg1 Re8 20. g3 Qd8 21. e5 dxe5
22. f5 gxf5 23. Rxf5 b5 24. Bxg4 hxg4 25. Qxg4 Nxd5 26. Ne4 Rb6 27. Rd1 Qa8 28.
Bxc5 Nf6 29. Rxf6 Rxf6 30. Kg1 Rg6 31. Qf3 Qc6 32. Rf1 Qe6 33. axb5 axb5 34. b4
Rc8 35. h4 Rc7 36. h5 Rg4 37. Nf2 Rc4 38. Ne4 f6 39. h6 Bh8 40. Qh5 Kh7 41. Qf3
Rd7 42. g4 Kg6 43. Kg2 Rc2+ 44. Kg3 Rb2 45. Be3 Rd3 46. Nc5 Rxe3 47. Qxe3 Qd5
48. Qd3+ Qxd3+ 49. Nxd3 Rb3 50. Rf3 Kxh6 51. Nxe5 1/2-1/2

[Event "9. Copenhagen Open Politiken Cup"]
[Site "Copenhagen"]
[Date "1987.??.??"]
[Round "5"]
[White "Nielsen, Jorgen G"]
[Black "Poulsen, Allan"]
[Result "1/2-1/2"]
[WhiteElo "2245"]
[BlackElo "2330"]
[PlyCount "119"]
[EventDate "1987.??.??"]
[EventType "swiss"]
[EventRounds "10"]
[EventCountry "DEN"]
[SourceDate "2004.01.01"]

1. c4 c5 2. Nf3 e6 3. d4 d5 4. g3 Nc6 5. Bg2 Nf6 6. O-O Be7 7. cxd5 exd5 8.
dxc5 Bxc5 9. a3 O-O 10. b4 Bb6 11. Nc3 Bf5 12. Bg5 d4 13. Na4 d3 14. Nxb6 axb6
15. Re1 h6 16. Bxf6 Qxf6 17. e4 Bg4 18. Qxd3 Nxb4 19. Qb3 Nc2 20. Qxc2 Bxf3 21.
e5 Qc6 22. Qxc6 Bxc6 23. Reb1 b5 24. Rb3 Rfe8 25. f4 Red8 26. Bxc6 bxc6 27. Rc1
Rd2 28. Rbc3 b4 29. axb4 Raa2 30. h4 Rg2+ 31. Kh1 Rh2+ 32. Kg1 Rag2+ 33. Kf1
Rb2 34. Kg1 h5 35. Rxc6 Rhg2+ 36. Kf1 Rxg3 37. R6c4 Rf3+ 38. Kg1 Rff2 39. b5
Rg2+ 40. Kh1 Rh2+ 41. Kg1 Rxh4 42. f5 Rxc4 43. Rxc4 Rxb5 44. Rc8+ Kh7 45. Re8
g5 46. Re7 Kh6 47. Rxf7 Rxe5 48. Rf6+ Kh7 49. Kf2 Ra5 50. Kg3 Ra3+ 51. Kg2 Ra7
52. Kg3 Rg7 53. Rf8 g4 54. Re8 Rg5 55. Kf4 Rg8 56. Re7+ Kh6 57. Re6+ Kg7 58.
Kg3 Rf8 59. Kf4 Rb8 60. Kg5 1/2-1/2

[Event "9. Copenhagen Open Politiken Cup"]
[Site "Copenhagen"]
[Date "1987.??.??"]
[Round "5"]
[White "Nilsson, Nils Specht"]
[Black "Iskov, Gert"]
[Result "0-1"]
[WhiteElo "2230"]
[BlackElo "2330"]
[PlyCount "110"]
[EventDate "1987.??.??"]
[EventType "swiss"]
[EventRounds "10"]
[EventCountry "DEN"]
[SourceDate "2004.01.01"]

1. d4 Nf6 2. c4 e6 3. g3 Bb4+ 4. Bd2 a5 5. Bg2 O-O 6. a3 Be7 7. Nc3 d5 8. c5
Nc6 9. Bf4 b6 10. cxb6 cxb6 11. Rc1 Ba6 12. Nf3 Rc8 13. O-O b5 14. Bg5 h6 15.
Bxf6 Bxf6 16. Re1 Qb6 17. e3 Ne7 18. Bf1 Nf5 19. a4 b4 20. Bxa6 Qxa6 21. Nb5
Nd6 22. Nxd6 Qxd6 23. Qd2 Rc6 24. Red1 Rfc8 25. Ne1 Qd7 26. Rxc6 Qxc6 27. b3
Be7 28. Rb1 Bd6 29. Nd3 Qc3 30. Qxc3 Rxc3 31. Ne1 f6 32. Kf1 Kf7 33. Ke2 e5 34.
dxe5 fxe5 35. Kd2 Ke6 36. Nd3 e4 37. Nc1 d4 38. exd4 Rf3 39. Ke1 Kd5 40. Ne2 g5
41. Rb2 Be7 42. Rb1 Bf6 43. Rc1 Bxd4 44. Nxd4 Kxd4 45. Rc4+ Kd5 46. Rc8 Rxb3
47. Ra8 Kd4 48. Rxa5 Rb1+ 49. Ke2 Rb2+ 50. Ke1 Ra2 51. Ra8 b3 52. Rb8 Kc3 53.
Rc8+ Kb4 54. a5 b2 55. Rb8+ Kc3 0-1

[Event "9. Copenhagen Open Politiken Cup"]
[Site "Copenhagen"]
[Date "1987.??.??"]
[Round "5"]
[White "Rewitz, Poul"]
[Black "Sorensen, Henrik"]
[Result "1/2-1/2"]
[WhiteElo "2250"]
[BlackElo "2250"]
[PlyCount "118"]
[EventDate "1987.??.??"]
[EventType "swiss"]
[EventRounds "10"]
[EventCountry "DEN"]
[SourceDate "2004.01.01"]

1. d4 c5 2. d5 Nf6 3. Nc3 e5 4. e4 d6 5. Nf3 Be7 6. Be2 O-O 7. Nd2 g6 8. a4 Ne8
9. Nc4 f5 10. g3 Nd7 11. h4 Ndf6 12. h5 Nxe4 13. Nxe4 fxe4 14. hxg6 hxg6 15.
Qd2 Nf6 16. Qh6 Kf7 17. Bg5 Rg8 18. O-O-O Bf5 19. Qh2 Ng4 20. Bxe7 Qxe7 21. Qg2
Rg7 22. Kb1 Rd8 23. Rde1 Qg5 24. Rh4 Nf6 25. Ne3 Ke7 26. Reh1 Rf8 27. Qg1 Bd7
28. Qe1 b6 29. a5 Rgf7 30. Rh8 Ng8 31. R1h7 Rxh7 32. Rxh7+ Rf7 33. Rxf7+ Kxf7
34. axb6 axb6 35. Nc4 Qe7 36. Nxb6 Nf6 37. Qa5 Bg4 38. Bb5 Qc7 39. Qa6 Ke7 40.
Bc6 Bf5 41. Nc4 Ng4 42. Qa8 Qd8 43. Qxd8+ Kxd8 44. Nxd6 Kc7 45. Nf7 e3 46. fxe3
Nxe3 47. Kc1 e4 48. Ng5 Kd6 49. Bb7 c4 50. Ba8 Nxd5 51. g4 Bc8 52. Nxe4+ Ke5
53. Bxd5 Kxd5 54. Nf2 Ke5 55. Kd2 Kf4 56. Kc3 Be6 57. Kd4 g5 58. b4 cxb3 59.
cxb3 Bxb3 1/2-1/2

[Event "9. Copenhagen Open Politiken Cup"]
[Site "Copenhagen"]
[Date "1987.??.??"]
[Round "5"]
[White "Van Mil, Johan"]
[Black "Clausen, Steen"]
[Result "1-0"]
[WhiteElo "2395"]
[BlackElo "2270"]
[PlyCount "121"]
[EventDate "1987.??.??"]
[EventType "swiss"]
[EventRounds "10"]
[EventCountry "DEN"]
[SourceDate "2004.01.01"]

1. e4 d6 2. d4 Nf6 3. Nc3 g6 4. Nf3 Bg7 5. h3 O-O 6. Be3 c6 7. a4 Nbd7 8. a5
Qc7 9. Be2 e5 10. dxe5 dxe5 11. O-O Rd8 12. Qb1 Nf8 13. Qa2 Ne6 14. Bb6 axb6
15. axb6 Qxb6 16. Qxa8 Qxb2 17. Rfd1 Re8 18. Qa3 Qxa3 19. Rxa3 Nd4 20. Nxd4
exd4 21. Rxd4 Nd5 22. Rxd5 cxd5 23. Bb5 Rd8 24. Nxd5 Be6 25. c4 Bxd5 26. cxd5
Bd4 27. Rd3 Be5 28. g3 g5 29. Kg2 Rd6 30. Kf3 Rf6+ 31. Ke2 Kf8 32. Bd7 Rb6 33.
Ke3 f6 34. f4 gxf4+ 35. gxf4 Bd6 36. Bg4 Rb1 37. Bd1 Rb2 38. Be2 b5 39. Kf3 b4
40. Bd1 Ke7 41. Kg4 Rf2 42. Bf3 Ra2 43. Rb3 Ra3 44. Bd1 Ra1 45. Rd3 Ra3 46. Bb3
Ra1 47. Rd1 Rxd1 48. Bxd1 h5+ 49. Kxh5 Bxf4 50. h4 Kf7 51. Kg4 Bd6 52. Kf5 Bf8
53. h5 Bh6 54. Bb3 Be3 55. d6+ Kg7 56. Ke6 Bc5 57. d7 Bb6 58. Ke7 Kh6 59. Kxf6
Bd8+ 60. Kf7 Kxh5 61. e5 1-0

[Event "9. Copenhagen Open Politiken Cup"]
[Site "Copenhagen"]
[Date "1987.??.??"]
[Round "5"]
[White "Yrjola, Jouni"]
[Black "Plachetka, Jan"]
[Result "0-1"]
[WhiteElo "2415"]
[BlackElo "2435"]
[PlyCount "80"]
[EventDate "1987.??.??"]
[EventType "swiss"]
[EventRounds "10"]
[EventCountry "DEN"]
[SourceDate "2004.01.01"]

1. d4 Nf6 2. c4 c5 3. d5 b5 4. Nf3 g6 5. cxb5 a6 6. d6 Bg7 7. Nc3 O-O 8. e3 Bb7
9. Be2 axb5 10. Nxb5 Ne4 11. O-O Ra6 12. Qc2 exd6 13. Rd1 Rb6 14. Nd2 Qe7 15.
Nc7 d5 16. Nxe4 dxe4 17. Nd5 Bxd5 18. Rxd5 d6 19. Rb1 Na6 20. Bxa6 Rxa6 21. a3
Qe6 22. Rd1 Rc8 23. Bd2 d5 24. Rdc1 Rac6 25. Qa4 d4 26. b4 cxb4 27. exd4 Bxd4
28. Qxb4 Qf6 29. Rxc6 Qxf2+ 30. Kh1 Rxc6 31. Qb8+ Kg7 32. Bb4 Kh6 33. Bf8+ Bg7
34. Bxg7+ Kxg7 35. Qe5+ Rf6 36. h3 e3 37. Qd4 g5 38. Kh2 h5 39. Rb2 e2 40. Qd2
e1=Q 0-1

[Event "9. Copenhagen Open Politiken Cup"]
[Site "Copenhagen"]
[Date "1987.??.??"]
[Round "6"]
[White "Bartels, Hans A"]
[Black "Yrjola, Jouni"]
[Result "0-1"]
[WhiteElo "2315"]
[BlackElo "2415"]
[PlyCount "70"]
[EventDate "1987.??.??"]
[EventType "swiss"]
[EventRounds "10"]
[EventCountry "DEN"]
[SourceDate "2004.01.01"]

1. d4 f5 2. g3 Nf6 3. Bg2 g6 4. Nf3 Bg7 5. O-O O-O 6. c4 d6 7. Nc3 Qe8 8. d5
Na6 9. Rb1 c5 10. b3 Nc7 11. Bb2 a5 12. e4 fxe4 13. Ng5 e3 14. f3 b5 15. Qe2
Rb8 16. Ba1 e6 17. Rbd1 bxc4 18. bxc4 exd5 19. cxd5 h6 20. Nge4 Nxe4 21. Nxe4
Bxa1 22. Rxa1 Nxd5 23. Nxd6 Qe6 24. Nxc8 Rbxc8 25. f4 Rfe8 26. Rfe1 c4 27. a3
Nc3 28. Qc2 Qf6 29. a4 e2 30. Rac1 Re3 31. Kh1 Kg7 32. Qb2 Rc7 33. Rc2 Rd7 34.
Rcc1 Rd1 35. Qa1 Red3 0-1

[Event "9. Copenhagen Open Politiken Cup"]
[Site "Copenhagen"]
[Date "1987.??.??"]
[Round "6"]
[White "Bjerring, Kai"]
[Black "Knudsen, Jes West"]
[Result "1-0"]
[WhiteElo "2280"]
[BlackElo "2215"]
[PlyCount "69"]
[EventDate "1987.??.??"]
[EventType "swiss"]
[EventRounds "10"]
[EventCountry "DEN"]
[SourceDate "2004.01.01"]

1. e4 c5 2. Nf3 a6 3. c4 d6 4. d4 Nd7 5. Nc3 g6 6. h4 h5 7. Be2 Bg7 8. Be3 b6
9. Rc1 Bb7 10. d5 Nh6 11. Ng5 Ne5 12. f3 Bc8 13. O-O Bd7 14. Qd2 Qc8 15. a4 f6
16. Ne6 Bxe6 17. dxe6 Qxe6 18. Nd5 Ra7 19. Nxb6 Rb7 20. a5 Nd7 21. b4 Nxb6 22.
axb6 Rxb6 23. bxc5 dxc5 24. Bxc5 Rc6 25. Be3 Nf7 26. c5 Ne5 27. Rfd1 Qc8 28.
Qa2 f5 29. Bd4 Qe6 30. Qxe6 Rxe6 31. f4 fxe4 32. fxe5 Bxe5 33. Bxe5 Rxe5 34. c6
O-O 35. c7 1-0

[Event "9. Copenhagen Open Politiken Cup"]
[Site "Copenhagen"]
[Date "1987.??.??"]
[Round "6"]
[White "Hazai, Laszlo"]
[Black "Pavlovic, Milos"]
[Result "1/2-1/2"]
[WhiteElo "2465"]
[BlackElo "2350"]
[PlyCount "45"]
[EventDate "1987.??.??"]
[EventType "swiss"]
[EventRounds "10"]
[EventCountry "DEN"]
[SourceDate "2004.01.01"]

1. e4 e5 2. Nf3 Nc6 3. Bb5 a6 4. Ba4 Nf6 5. O-O Be7 6. Re1 b5 7. Bb3 O-O 8. d3
d6 9. c3 Na5 10. Bc2 c5 11. Nbd2 Re8 12. Nf1 h6 13. d4 cxd4 14. cxd4 exd4 15.
Nxd4 Bf8 16. Ng3 Bb7 17. b3 Rc8 18. Bb2 g6 19. Qd2 h5 20. Nf3 Nc6 21. Rad1 Ne5
22. Nxe5 dxe5 23. Qxd8 1/2-1/2

[Event "9. Copenhagen Open Politiken Cup"]
[Site "Copenhagen"]
[Date "1987.??.??"]
[Round "6"]
[White "Hoi, Carsten"]
[Black "Jacobsen, Bo"]
[Result "1/2-1/2"]
[WhiteElo "2355"]
[BlackElo "2285"]
[PlyCount "41"]
[EventDate "1987.??.??"]
[EventType "swiss"]
[EventRounds "10"]
[EventCountry "DEN"]
[SourceDate "2004.01.01"]

1. d4 Nf6 2. c4 g6 3. Nc3 Bg7 4. e4 O-O 5. Nf3 d6 6. h3 e5 7. d5 a5 8. Be3 Na6
9. Nd2 Nh5 10. g3 Bd7 11. Bd3 Nc5 12. Be2 Nf6 13. g4 c6 14. g5 Ne8 15. h4 cxd5
16. Nxd5 Rb8 17. Qc2 Nc7 18. Bxc5 dxc5 19. Nxc7 Qxc7 20. O-O-O Bc6 21. Nb1
1/2-1/2

[Event "9. Copenhagen Open Politiken Cup"]
[Site "Copenhagen"]
[Date "1987.??.??"]
[Round "6"]
[White "Horvath, Gyula"]
[Black "Fries Nielsen, Jens Ove"]
[Result "1-0"]
[WhiteElo "2435"]
[BlackElo "2350"]
[PlyCount "61"]
[EventDate "1987.??.??"]
[EventType "swiss"]
[EventRounds "10"]
[EventCountry "DEN"]
[SourceDate "2004.01.01"]

1. Nf3 Nf6 2. c4 e6 3. g3 g6 4. Bg2 Bg7 5. Nc3 d5 6. d4 O-O 7. O-O Na6 8. Qb3
c5 9. Rd1 cxd4 10. Nxd4 e5 11. Ndb5 d4 12. e3 Bg4 13. f3 Nc5 14. Qa3 Nfd7 15.
exd4 exd4 16. Nxd4 Bf5 17. Nxf5 gxf5 18. Be3 Qc8 19. Bh3 Re8 20. Bf2 Ne6 21. f4
Bf8 22. Qb3 Bc5 23. Qc2 Bxf2+ 24. Qxf2 Ng7 25. Nb5 Re7 26. Nd6 Qc5 27. Qxc5
Nxc5 28. Kf1 a5 29. b3 Na6 30. Bg2 Rb8 31. Nxb7 1-0

[Event "9. Copenhagen Open Politiken Cup"]
[Site "Copenhagen"]
[Date "1987.??.??"]
[Round "6"]
[White "Horvath, Tamas"]
[Black "Becx, Cesar"]
[Result "1-0"]
[WhiteElo "2395"]
[BlackElo "2295"]
[PlyCount "89"]
[EventDate "1987.??.??"]
[EventType "swiss"]
[EventRounds "10"]
[EventCountry "DEN"]
[SourceDate "2004.01.01"]

1. e4 e5 2. Nf3 Nc6 3. Bb5 f5 4. Nc3 fxe4 5. Nxe4 d5 6. Nxe5 dxe4 7. Nxc6 Qd5
8. c4 Qd6 9. Nxa7+ Bd7 10. Bxd7+ Qxd7 11. Qh5+ g6 12. Qe5+ Kf7 13. Nb5 c6 14.
Qd4 Rd8 15. Qxd7+ Rxd7 16. Nc3 Nf6 17. Ke2 Bc5 18. Nd1 Ng4 19. Ne3 Ne5 20. a3
Nd3 21. b4 Nf4+ 22. Kd1 Bxe3 23. fxe3 Nxg2 24. Ke2 Nh4 25. Rf1+ Nf5 26. a4 Rf8
27. Bb2 Kg8 28. c5 Rfd8 29. Bc3 Rd3 30. Rac1 Ne7 31. Rc2 Nd5 32. Rg1 Nxc3+ 33.
dxc3 R3d5 34. Rg4 Rh5 35. Ke1 Re5 36. Rd2 Rf8 37. Rd4 Ref5 38. Rgxe4 Rf1+ 39.
Kd2 R8f2+ 40. Kd3 Rxh2 41. Re7 Rd1+ 42. Kc4 Rxd4+ 43. exd4 g5 44. Rxb7 g4 45.
b5 1-0

[Event "9. Copenhagen Open Politiken Cup"]
[Site "Copenhagen"]
[Date "1987.??.??"]
[Round "6"]
[White "Hvenekilde, Jorgen"]
[Black "Danielsen, Henrik"]
[Result "0-1"]
[WhiteElo "2295"]
[BlackElo "2405"]
[PlyCount "70"]
[EventDate "1987.??.??"]
[EventType "swiss"]
[EventRounds "10"]
[EventCountry "DEN"]
[SourceDate "2004.01.01"]

1. Nf3 Nf6 2. g3 d6 3. Bg2 g6 4. b4 Bg7 5. Bb2 e5 6. c4 O-O 7. d3 a5 8. a3 Re8
9. e4 Nc6 10. b5 Nb8 11. O-O Nbd7 12. Nc3 Nc5 13. Qc2 Nfd7 14. Rad1 Ne6 15. Ne2
Rf8 16. d4 exd4 17. Nfxd4 Qe7 18. Rfe1 Ndc5 19. h3 Bd7 20. Kh2 Rfe8 21. f4 Qf8
22. f5 Nxd4 23. Bxd4 Bxd4 24. Rxd4 Qg7 25. Rd5 gxf5 26. exf5 Re3 27. f6 Qxf6
28. Rf1 Qg6 29. Qd2 Rae8 30. Nf4 Qxg3+ 31. Kh1 Ne4 32. Qb2 Re1 33. Nh5 Rxf1+
34. Bxf1 Nf2+ 35. Qxf2 Qxf2 0-1

[Event "9. Copenhagen Open Politiken Cup"]
[Site "Copenhagen"]
[Date "1987.??.??"]
[Round "6"]
[White "Jakobsen, Ole"]
[Black "Nilsson, Nils Specht"]
[Result "1/2-1/2"]
[WhiteElo "2400"]
[BlackElo "2230"]
[PlyCount "84"]
[EventDate "1987.??.??"]
[EventType "swiss"]
[EventRounds "10"]
[EventCountry "DEN"]
[SourceDate "2004.01.01"]

1. c4 Nf6 2. Nc3 e5 3. Nf3 Nc6 4. g3 Bb4 5. Bg2 d6 6. O-O O-O 7. Nd5 Bc5 8. d3
Nxd5 9. cxd5 Ne7 10. Ne1 c6 11. dxc6 bxc6 12. Nc2 Ba6 13. Bd2 Rb8 14. b4 Bb6
15. a4 d5 16. Rc1 f5 17. Na1 h6 18. Nb3 Bc8 19. Nc5 Bxc5 20. Rxc5 Qd6 21. f4 e4
22. Qa1 Rd8 23. Rfc1 a6 24. Qd4 Qf6 25. Qxf6 gxf6 26. Kf2 Kf7 27. Ke1 h5 28.
Kf2 Be6 29. d4 Bd7 30. e3 Rh8 31. h4 Ra8 32. Bf1 Ra7 33. Be2 Kg6 34. Ra5 Rha8
35. Rcc5 Be8 36. Bc1 Kh6 37. Ba3 Kg7 38. Rc3 Kg6 39. Rc1 Kh6 40. Ke1 Kg6 41.
Kd2 Ng8 42. Rac5 Ne7 1/2-1/2

[Event "9. Copenhagen Open Politiken Cup"]
[Site "Copenhagen"]
[Date "1987.??.??"]
[Round "6"]
[White "Karlsson, Lars"]
[Black "Grooten, Herman"]
[Result "1-0"]
[WhiteElo "2480"]
[BlackElo "2340"]
[PlyCount "81"]
[EventDate "1987.??.??"]
[EventType "swiss"]
[EventRounds "10"]
[EventCountry "DEN"]
[SourceDate "2004.01.01"]

1. c4 Nf6 2. Nc3 c5 3. g3 e6 4. Nf3 d5 5. cxd5 exd5 6. d4 Nc6 7. Bg2 Be7 8. O-O
O-O 9. dxc5 Bxc5 10. Bg5 d4 11. Ne4 Be7 12. Bxf6 Bxf6 13. Ne1 Re8 14. Nd3 Bg4
15. h3 Bf5 16. Ndc5 Bxe4 17. Nxe4 Be7 18. Qb3 Qb6 19. Qxb6 axb6 20. Rfd1 Rad8
21. Kf1 Ne5 22. Nd2 Rd7 23. f4 Ng6 24. Nc4 Bd8 25. Rd3 h5 26. h4 Rc7 27. Nd6
Re3 28. Rad1 Rc2 29. Rxe3 dxe3 30. Nf5 Bf6 31. Nxe3 Rxb2 32. Bd5 Bc3 33. Nc4
Rb4 34. Nd6 Ne7 35. Bxf7+ Kf8 36. Bxh5 g6 37. Bg4 Nc6 38. Bf3 Nd4 39. Ne4 Bb2
40. Rb1 Ke7 41. Nf2 1-0

[Event "9. Copenhagen Open Politiken Cup"]
[Site "Copenhagen"]
[Date "1987.??.??"]
[Round "6"]
[White "Lanc, Alois"]
[Black "Kristensen, Kaare Hove"]
[Result "1-0"]
[WhiteElo "2495"]
[BlackElo "2330"]
[PlyCount "61"]
[EventDate "1987.??.??"]
[EventType "swiss"]
[EventRounds "10"]
[EventCountry "DEN"]
[SourceDate "2004.01.01"]

1. e4 c5 2. Nf3 d6 3. d4 cxd4 4. Nxd4 Nf6 5. Nc3 a6 6. f4 g6 7. Nf3 Qd7 8. a4
Bg7 9. Bc4 O-O 10. O-O b6 11. Qe1 Qc7 12. Ba2 Bb7 13. Kh1 Nbd7 14. f5 Kh8 15.
Ng5 gxf5 16. Qh4 fxe4 17. Be3 Kg8 18. Rf2 h6 19. Ngxe4 Nxe4 20. Nxe4 Ne5 21.
Ng3 e6 22. Nh5 Ng6 23. Qh3 Bxb2 24. Raf1 Qc6 25. Bxh6 Qxa4 26. Bg5 Qe4 27. Nf6+
Bxf6 28. Bxf6 Nh4 29. Bxh4 f5 30. Rf4 Qe5 31. Qg3+ 1-0